Science : Atlas

Bibliographic Details
Format: Book
Published: New Delhi : Sterling Publishers Private Limited , 2006
Subjects:

MARC

LEADER 00000cam a2200000 7i4500
001 0000044814
005 20150119.0
008 150119
020 |a 8120749801 
020 |a 9788120749801 
090 0 0 |a JF SC   |b ENG 
245 0 0 |a Science :   |b Atlas 
260 |a New Delhi :   |b Sterling Publishers Private Limited ,   |c 2006 
650 0 |a Science   |x Atlas 
999 |a 0001264936   |b Book   |c Children Collection   |e Cawangan Pontian 
999 |a 0001264937   |b 35mm Slides   |c Children Collection   |e Cawangan Tmn. Ungku Tun Aminah 
999 |a 0001288535   |b Book   |c Children Collection   |e Cawangan Urban Transformation Centre 
999 |a 0001288536   |b Book   |c Children Collection   |e Cawangan Tangkak 
999 |a 0001288538   |b Book   |c Children Collection   |e Cawangan Bandar Penawar 
999 |a 0001288544   |b Book   |c Children Collection   |e Cawangan Batu Pahat 
999 |a 0001289541   |b Book   |c Children Collection   |e Cawangan Pontian